Central Library OPAC University of Rajshahi

The moral order : (Record no. 30067)

MARC details
000 -LEADER
fixed length control field 00965pam a2200301 a 4500
001 - CONTROL NUMBER
control field 30067
003 - CONTROL NUMBER IDENTIFIER
rucl marc code BD-RjUL
005 - DATE AND TIME OF LATEST TRANSACTION
control field 20211209051515.0
008 - FIXED-LENGTH DATA ELEMENTS--GENERAL INFORMATION
fixed length control field 140408s1983 caua b 001 0 eng
020 ## - INTERNATIONAL STANDARD BOOK NUMBER
International Standard Book Number 0803919166
International Standard Book Number 0803919174 (pbk.)
035 ## - SYSTEM CONTROL NUMBER
System control number (BD-RjUL)30152
040 ## - CATALOGING SOURCE
Original cataloging agency DLC
Transcribing agency DLC
Modifying agency DLC
Language of cataloging eng
041 ## - LANGUAGE CODE
Language code of text/sound track or separate title eng
082 00 - DEWEY DECIMAL CLASSIFICATION NUMBER
Classification number 170
Edition number 19
Author mark and year NAM 1983
100 1# - MAIN ENTRY--PERSONAL NAME
Personal name Naroll, Raoul.
9 (RLIN) 91442
245 14 - TITLE STATEMENT
Title The moral order :
Remainder of title an introduction to the human situation /
Statement of responsibility, etc. Raoul Naroll ; with the editorial assistance of Frada Naroll
260 ## - PUBLICATION, DISTRIBUTION, ETC. (IMPRINT)
Place of publication, distribution, etc. Beverly Hills :
Name of publisher, distributor, etc. Sage Publications,
Date of publication, distribution, etc. c1983.
300 ## - PHYSICAL DESCRIPTION
Pagination 498 p. :
Illustrations ill. ;
Size 24 cm.
504 ## - BIBLIOGRAPHY, ETC. NOTE
Bibliography, etc Includes index.
650 #0 - SUBJECT ADDED ENTRY--TOPICAL TERM
Topical term or geographic name as entry element Social ethics.
9 (RLIN) 5055
Topical term or geographic name as entry element Social values.
9 (RLIN) 91443
Topical term or geographic name as entry element Social problems.
9 (RLIN) 91444
856 42 - ELECTRONIC LOCATION AND ACCESS
Materials specified Publisher description
Uniform Resource Identifier <a href="http://www.loc.gov/catdir/enhancements/fy0660/82019204-d.html">http://www.loc.gov/catdir/enhancements/fy0660/82019204-d.html</a>
942 ## - ADDED ENTRY ELEMENTS (KOHA)
Source of classification or shelving scheme Dewey Decimal Classification
Koha item type Books
Holdings
Lost status Source of classification or shelving scheme Damaged status Not for loan Collection code Permanent Location Current Location Shelving location Date acquired Source of acquisition Cost, normal purchase price Total Checkouts Full call number Date last seen Copy number Koha item type
  Dewey Decimal Classification   Added to bundle Non-fiction Central Library, University of Rajshahi Central Library, University of Rajshahi Reading Room 08/06/1992 N/A 0.00   170 NAM 1983 08/04/2014 C-1 Books